טוען...

Rekha /

מידע ביבליוגרפי
מחבר ראשי: John Chempil
פורמט: Printed Book
שפה:Malayalam
יצא לאור: Cochin : C.I.C.C. , 1977.
LEADER 00413nam a2200145Ia 4500
008 150624b xxu||||| |||| 00| | mal d
082 |a M 
100 |a John Chempil 
245 |c John Chempil  |a Rekha / 
260 |a Cochin :  |b C.I.C.C. ,  |c 1977. 
300 |a 296 p. 
546 |a In Malayalam. 
942 |c BK 
999 |c 76949  |d 76949 
952 |0 1  |1 0  |4 0  |6 M  |7 0  |9 76893  |a UL  |b UL  |c ST1  |d 1998-09-15  |l 0  |o M   |p 43407  |r 2012-10-27  |w 2012-10-27  |y BK